Terrorist organization / (Record no. 124109)

MARC details
000 -LEADER
fixed length control field 00642nam a22002297a 4500
005 - DATE AND TIME OF LATEST TRANSACTION
control field 20170124105935.0
010 ## - LIBRARY OF CONGRESS CONTROL NUMBER
LC control number A-481562
020 ## - INTERNATIONAL STANDARD BOOK NUMBER
Terms of availability 36.00
035 ## - SYSTEM CONTROL NUMBER
System control number A-481562
037 ## - SOURCE OF ACQUISITION
Source of stock number/acquisition Cen Lib/Ret
040 ## - CATALOGING SOURCE
Original cataloging agency DPL
Language of cataloging EN
082 ## - DEWEY DECIMAL CLASSIFICATION NUMBER
Classification number 303.62506
Item number KAM
100 ## - MAIN ENTRY--PERSONAL NAME
Personal name Kamal Singh
9 (RLIN) 9345
245 ## - TITLE STATEMENT
Title Terrorist organization /
Statement of responsibility, etc by Kamal Singh
246 ## - VARYING FORM OF TITLE
Remainder of title
260 ## - PUBLICATION, DISTRIBUTION, ETC. (IMPRINT)
Name of publisher, distributor, etc Family Books
Date of publication, distribution, etc 1990
Place of publication, distribution, etc New Delhi
270 ## - ADDRESS
City New Delhi
Address F-2/16, Ansari Road, Darya Ganj
Postal code 110002
300 ## - PHYSICAL DESCRIPTION
Extent 136p.:
Dimensions 21cm(Hb)
Other physical details ill.
650 ## - SUBJECT ADDED ENTRY--TOPICAL TERM
Topical term or geographic name as entry element Terrorism
9 (RLIN) 2076
650 ## - SUBJECT ADDED ENTRY--TOPICAL TERM
Topical term or geographic name as entry element Terrorists--Psychology
9 (RLIN) 9346
942 ## - ADDED ENTRY ELEMENTS (KOHA)
Source of classification or shelving scheme Dewey Decimal Classification
Koha item type English Books
Classification part 303.62506
Call number suffix KAM
Holdings
Withdrawn status Lost status Damaged status Not for loan Home library Current library Date acquired Source of acquisition Cost, normal purchase price Total Checkouts Full call number Barcode Date last seen Copy number Cost, replacement price Price effective from Koha item type Public note
Written off       Central Library Central Library 13/06/2015 Cen Lib/Ret 36.00   303.62506 KAM A-481562 13/06/2015 1 36.00 13/06/2015 English Books W/d list no. 6840/5

© Delhi Public Library
Hit Counter
free hit counter